Ładuje się......
Early India and Pakistan
| 1. autor: | |
|---|---|
| Format: | Printed Book |
| Język: | English |
| Wydane: |
London
Thames and Hudson
|
| LEADER | 00407nam a22001217a 4500 | ||
|---|---|---|---|
| 008 | 210922b |||||||| |||| 00| 0 eng d | ||
| 082 | |a 934 | ||
| 100 | |a Wheeler,Mortimer | ||
| 245 | |a Early India and Pakistan | ||
| 260 | |a London |b Thames and Hudson | ||
| 942 | |c BK | ||
| 999 | |c 361466 |d 361466 | ||
| 952 | |0 0 |1 0 |2 ddc |4 0 |6 934_000000000000000 |7 3 |9 420450 |a HIS |b HIS |c ST1 |d 2021-09-22 |i 14029 |l 0 |o 934 |p HIS14029 |r 2021-09-22 |w 2021-09-22 |y BK | ||